Mechaničeskije i technologičeskije svojstva metallov /

Salvato in:
Dettagli Bibliografici
Autore principale: Bobylev, Aleksej Vasilievič (Autore)
Natura: Libro
Lingua:russo
Pubblicazione: Moskva : Metallurgija, 1980
Soggetti:
Tags: Aggiungi Tag
Nessun Tag, puoi essere il primo ad aggiungerne!!

MARC

LEADER 00000nam a22000003a 4500
001 stu34828
005 20150617225730.2
008 920326s1980----xxr-----------------rus-d
040 |a STU  |b slo 
041 0 |a rus 
044 |a xxr 
080 |a 620.17 
100 1 |a Bobylev, Aleksej Vasilievič  |4 aut 
245 1 |a Mechaničeskije i technologičeskije svojstva metallov /  |c [aut.]A.V. Bobylev 
260 |a Moskva :  |b Metallurgija,  |c 1980 
300 |a 296 s 
650 7 |a kovy  |2 stusub 
650 7 |a vlastnosti  |2 stusub 
650 7 |a skúšanie  |2 stusub 
650 7 |a materiály  |2 stusub 
996 |b 284M056105  |c M*2499-1  |l MMKN  |s A  |a 24  |w stu34828_0001